000
00273nam a22001097a 4500
008
160504b xxu||||| |||| 00| 0 eng d
020
_a
9781932328349
041
_a
eng
080
_a
64
245
_a
Kompengium of selected publications:
_c
Practice Bulletins;
942
_2
udc
_c
BK
999
_c
1760
_d
1760